Ariana Grande - past life - Statistics

General Stats
  • This quiz has been taken 165 times
  • The average score is 300 of 367
Answer Stats
lyric % Correct
my
99%
My
99%
I
98%
a
97%
A
97%
the
97%
You
95%
you
95%
of
93%
just
92%
Just
92%
let
92%
(Let
92%
past
92%
think,
92%
think
92%
I'm
91%
(I'm),
91%
(I'm)
91%
(I'm
91%
life
91%
me
91%
me)
91%
me,
91%
soul
90%
soul)
90%
music
88%
night
88%
body
87%
body,
87%
how
87%
stranger
86%
up
86%
Woke
86%
by
85%
in
85%
lost,
85%
lost
85%
but
84%
but,
84%
ghost
84%
maybe
84%
Maybe,
84%
that's
84%
after
83%
all
83%
all)
83%
found
83%
side
83%
with
83%
lose
81%
Rhythms
81%
time,
81%
time
81%
to
81%
confiscate
80%
(Confiscate
80%
if
80%
Always
79%
consume
79%
leave
79%
and
78%
And
78%
didn't
78%
fine
78%
(Fine),
78%
(Fine)
78%
fine),
78%
happen
78%
myself
78%
what
77%
would
76%
more
74%
wondered
74%
expectations
73%
(Expectations)
73%
Well,
73%
passing
71%
wanna
71%
like
69%
moon
69%
Now
69%
f*ck
67%
around
66%
flame,
66%
Might
66%
mind,
66%
mind
66%
elevate
65%
moth
65%
were
65%
Yeah,
65%
flew
64%
need
64%
waste
62%
blue
58%
change
58%
Kissed
58%
knew
56%
(Knew)
56%
used
52%
already
50%
medicine,
50%
code
48%
it
47%
you're
45%
thinking
44%
Phased
43%
am
42%
too
41%
save
36%
baby,
35%
Something
29%
something
29%
Said,
7%
No matching quizzes found
Score Distribution
Percent of People with Each Score
Percentile by Number Answered
Your Score History
You have not taken this quiz